| 000 | 01034cam a2200289 a 4500 | ||
|---|---|---|---|
| 001 | 2797502 | ||
| 003 | OSt | ||
| 005 | 20180117085949.0 | ||
| 008 | 830201s1980 at a b 001 0 eng | ||
| 010 | _a 81190467 | ||
| 020 | _a0333299310 (pbk.) | ||
| 020 | _a0333299302 (hard) | ||
| 040 |
_aDLC _cDLC _dDLC _dOCoLC _dDLC |
||
| 043 | _au-at--- | ||
| 050 | 0 | 0 |
_aPN5514 _b.N48 1981 |
| 082 | 0 | 0 |
_a079/.94 _219 |
| 245 | 0 | 4 |
_aThe News in focus : _bthe journalism of exception / _cedited by Patricia Edgar. |
| 260 |
_aSouth Melbourne, [Vic.] : _bMacmillan, _c1980 _g(1981 printing) |
||
| 300 |
_avi, 213 p. : _bill. ; _c22 cm. |
||
| 504 | _aIncludes bibliographical references and index. | ||
| 650 | 0 |
_aJournalism _zAustralia. |
|
| 650 | 0 |
_aTelevision broadcasting of news _zAustralia. |
|
| 700 | 1 | _aEdgar, Patricia. | |
| 906 |
_a7 _bcbc _corignew _d3 _encip _f19 _gy-gencatlg |
||
| 942 |
_2ddc _cBK |
||
| 999 |
_c2776 _d2776 |
||